Представление документа в формате MARC21

Поле Инд. ПП Название Значение
Тип записи a
Библиографический уровень b
001 Контрольный номер RU/IS/BASE/125070811
005 Дата корректировки 20200601191512.0
084 a Индекс другой классификации/Индекс ББК 65.051; 65.03(2)6
100 1_ a Автор Пономаренко А. Н.
q Полное имя Пономаренко Алексей Н.
245 a Заглавие Исторические национальные счета России: 1961 - 1990
n Номер части/ раздела Гл. 3
p Название части/ раздела Расчеты ретроспективных показателей роста реального ВВП
500 a Примечание Начало см.: 2000, Т. 4, № 4 и 2001, Т. 5, № 1
504 a Библиография Лит.
520 a Аннотация "В этой главе предлагается ознакомиться с результатами реконструкции валового внутреннего продукта России за 1961 - 1990 гг. в сопоставимых ценах."
650 a Основная рубрика экономика
a Основная рубрика экономическая история (история хозяйства)
a Основная рубрика экономическая статистика
653 a Ключевые слова баланс народного хозяйства
a Ключевые слова валовой внутренний продукт (ВВП)
a Ключевые слова макроэкономическая статистика
a Ключевые слова методология экономической статистики
a Ключевые слова национальные счета
a Ключевые слова национальный доход
a Ключевые слова основной капитал
a Ключевые слова основные фонды
a Ключевые слова расчет ВВП
a Ключевые слова Россия
a Ключевые слова рост производства
a Ключевые слова система национальных счетов (СНС)
773 t Заглавие источника Экономический журнал ВШЭ
d Дата издания источника 2001
g Прочая информация Т. 5, № 2. - С. 238 - 261 : 8 табл., граф., экон. расчет.
w Контрольный № источника RU/IS/BASE/140885962
901 t Тип документа b